000 00768nam a22001697a 4500
999 _c61018
_d61018
005 20231207111246.0
008 231207s1982 ru ||||| |||| 00| 0 rus d
041 _arus
080 _a903.2(44)+069 А-87
245 _aАрхеология Франции от палеолита до эпохи Меровингов /
_bКаталог выставки из собрания Музея нац. древностей Сен-Жермен-ан-Лэ (Париж) .
_c
264 _aЛ. :
_bИскусство,
_c1982.
300 _a103с. :
_bил. ;
_c21см.
653 _aსაფრანგეთი
653 _aარქეოლოგია
653 _aპალეოლითიდან მეროვინგამდე
942 _2udc
_cᲬᲘᲒᲜᲘ